Liliom
Salvato in:
| Autore principale: | |
|---|---|
| Natura: | Libro |
| Lingua: | spagnolo |
| Pubblicazione: |
Buenos Aires
Sudamericana
1956
|
| Serie: | Colección Teatro
|
| Soggetti: | |
| Tags: |
Aggiungi Tag
Nessun Tag, puoi essere il primo ad aggiungerne!!
|
MARC
| LEADER | 00000nam a2200000 a 4500 | ||
|---|---|---|---|
| 001 | UCZ9001 | ||
| 003 | CL-VaPUC | ||
| 008 | 960126e19560000AG |||||||||||||||||spa|d | ||
| 082 | 0 | 4 | |a 894.511 |b MOL |2 21 |
| 100 | |a Molnár, Ferenc |e autor |9 354264 | ||
| 245 | 1 | 0 | |a Liliom |
| 246 | 1 | 3 | |a La fábula del lobo |
| 246 | 1 | 0 | |a Mima |
| 300 | |a 353 p | ||
| 942 | |c BK | ||
| 945 | |d 19960126 00:00:00 |a rleighto | ||
| 260 | |a Buenos Aires |b Sudamericana |c 1956 | ||
| 650 | 7 | |a DRAMAS HUNGAROS |2 CL-VaPUC |9 354265 | |
| 583 | |a last modification |c 19960126 00:00:00 |k Rodrigo Vera | ||
| 490 | 0 | |a Colección Teatro | |
| 999 | |c 244649 |d 244647 | ||
| 952 | |0 0 |1 0 |4 0 |6 894_511000000000000_MOL_1956 |7 0 |8 A |9 258795 |a BIBEDU |b BIBEDU |d 2019-11-19 |i 3173968 |o 894.511 MOL 1956 |p 3173968 |r 2019-11-19 |w 2019-11-19 |y BK |k LIT | ||